Southville International School and Colleges
Your cart is empty.
  • Cart
  • Lists
    Public lists Eva Luna New books Lux_list list_1
    Your lists Log in to create your own lists
  • Log in to your account
  • Your cookies
  • Search history
Southville International School and Colleges
  • Advanced search
  • Recent comments
  • Most popular
  • Libraries

Log in to your account

Log in with GOOGLE


If you do not have an external account, but do have a local account, you can still log in:

  1. Home
  2. MARC view: Dialect tension in the finacial markets: A longitudinal study of pre-and post-crisis regulatory technology /
Normal view MARC view ISBD view

Dialect tension in the finacial markets: A longitudinal study of pre-and post-crisis regulatory technology / (Record no. 361459)

[ view plain ]
MARC details
000 -LEADER
fixed length control field 00671nam a2200181Ia 4500
008 - FIXED-LENGTH DATA ELEMENTS--GENERAL INFORMATION
fixed length control field 190422s9999 xx 000 0 und d
100 ## - MAIN ENTRY--PERSONAL NAME
Personal name Currie, Wendy L
245 ## - TITLE STATEMENT
Title Dialect tension in the finacial markets: A longitudinal study of pre-and post-crisis regulatory technology /
245 ## - TITLE STATEMENT
Statement of responsibility, etc Wendy L. Currie, Daniel P. Gozman and JonathanJ. M. Seddon.--
260 ## - PUBLICATION, DISTRIBUTION, ETC. (IMPRINT)
Name of publisher, distributor, etc Association for Information Technology Trust
260 ## - PUBLICATION, DISTRIBUTION, ETC. (IMPRINT)
Date of publication, distribution, etc 2018
300 ## - PHYSICAL DESCRIPTION
Extent pages 304-325, December 2018
440 ## - SERIES STATEMENT/ADDED ENTRY--TITLE
Title Journal of Information Technology
Volume number/sequential designation 33(4)
650 ## - SUBJECT ADDED ENTRY--TOPICAL TERM
Topical term or geographic name as entry element Compliance System
650 ## - SUBJECT ADDED ENTRY--TOPICAL TERM
Topical term or geographic name as entry element Financial Crisis
650 ## - SUBJECT ADDED ENTRY--TOPICAL TERM
Topical term or geographic name as entry element Financial Technology
650 ## - SUBJECT ADDED ENTRY--TOPICAL TERM
Topical term or geographic name as entry element Regulatory Technology

No items available.

Dialect tension in the finacial markets: A longitudinal study of pre-and post-crisis regulatory technology /

APA

Currie W. L., .Dialect tension in the finacial markets: A longitudinal study of pre-and post-crisis regulatory technology. : Association for Information Technology Trust.

Chicago

Currie Wendy L, .Dialect tension in the finacial markets: A longitudinal study of pre-and post-crisis regulatory technology. : Association for Information Technology Trust.

Harvard

Currie W. L., .Dialect tension in the finacial markets: A longitudinal study of pre-and post-crisis regulatory technology. : Association for Information Technology Trust.

MLA

Currie Wendy L, .: Association for Information Technology Trust. .

  • Print
  • Cite
  • Add to your cart (remove)
  • Save record
    BIBTEX Dublin Core MARCXML MARC (non-Unicode/MARC-8) MARC (Unicode/UTF-8) MARC (Unicode/UTF-8, Standard) MODS (XML) RIS
  • More searches
    Search for this title in:
    Other Libraries (WorldCat) Other Databases (Google Scholar) Online Stores (Bookfinder.com) Open Library (openlibrary.org)

Exporting to Dublin Core...

SOUTHVILLE LIBRARY

Southville International School and Colleges Library

1281 Tropical Ave. Cor. Luxembourg St., BF Homes International, Las Pinas City

Tel. No. 8256374 / 252358 Loc. 117/146

Powered by Koha